| 000 | 02237cam a22002294a 4500 | ||
|---|---|---|---|
| 005 | 20250605164242.0 | ||
| 008 | 250528s ||||||||||||||||||||||||d | ||
| 035 | _a21379 | ||
| 020 | _a9789602188774 | ||
| 040 |
_aGR-AtMCL _bgre _dGR-AtMCL _eAACR2 |
||
| 245 | 1 | _aΑρχές Οικονομικής | |
| 260 | _c2013 | ||
| 300 | _a776 | ||
| 520 | _aΤο βιβλίο αυτό δίνει τη δυνατότητα στον αναγνώστη να προσεγγίσει τα σημαντικά πρόσφατα γεγονότα από τη σκοπιά της οικονομικής επιστήμης και να εμβαθύνει σε σύνθετα ζητήματα της οικονομικής και πολιτικής ζωής. Το Πεδίο Εφαρμογής των Οικονομικών, Τι Είναι τα Οικονομικά;, Το Οικονομικό Πρόβλημα, Πώς Λειτουργούν οι Αγορές, Ζήτηση και Προσφορά, Αποτελεσματικότητα και Δικαιοσύνη, Κρατικές Παρεμβάσεις στις Αγορές, Επιχειρηματικές Αποφάσεις και Στρατηγικές, Παραγωγή και Κόστος, Ανταγωνιστικές Αγορές, Μονοπώλια, Μονοπωλιακός Ανταγωνισμός και Ολιγοπώλιο, Εκτίμηση των Επιχειρηματικών Συνθηκών, Πραγματικό ΑΕΠ, Παρακολούθηση της Απασχόλησης και του Πληθωρισμού, Χρηματοοικονομική Δραστηριότητα και Χρήμα, Χρηματοπιστωτικές Αγορές, Χρήμα και Τράπεζες, Μακροοικονομική Επίδοση και Πολιτική, Συνολική Προσφορά και Συνολική Ζήτηση, Μεγέθυνση και Πληθωρισμός και Κύκλοι, Δημοσιονομική και Νομισματική Πολιτική. | ||
| 700 | 1 |
_aMatthews Kent _93346 |
|
| 700 | 1 |
_aParkin Michael _93320 |
|
| 700 | 1 |
_aPowell Melanie _93347 |
|
| 700 | 1 |
_aΜινόγλου Μάγγη _97426 |
|
| 942 | _cBK | ||
| 999 |
_c6442 _d6442 |
||